00858 2200301 4500001002100000005001500021035002000036007000300056040001700059245008100076250002100157300004100178020001800219041000800237082000800245090001900253264004000272336002100312337003000333338002300363650002200386700003100408850001000439008004100449990002200490990002200512990002200534INLIS00000000000439820260526114506 a0010-0122000030ta aSBPUPADbInd aMembuat Aplikasi Database Karyawan Online Berbasis WEB Dengan PHP Dan MySQL a.-Ed. 1, Cet. 10 aviii, 252 hal. :billus. ;c16x23 cm a979-731-643-20 aind a005 a004 PRI t L1-3 a.--Yogyakarta :bANDI Offset,c2009 2rdacontentaTeks 2rdamediaaTanpa Perantara 2rdacarrieraVolume 4aAplikasi Database0 aPengarang ,AndiePengarang aPUPAD260526 0  a2960/BR/KAPD/2017 a2962/BR/KAPD/2017 a2963/BR/KAPD/2017